|
|
|
|
| LEADER |
00000nab a2200000uu 4500 |
| 001 |
vtls011438168 |
| 003 |
SK-MaSNL |
| 005 |
20260303122708.0 |
| 008 |
230213|1998 xo |||||||||||||||||eng| |
| 015 |
|
|
|a SNBRB
|
| 035 |
|
|
|a (urnnbn)urn:nbn:sk:snk:ar-002o7d
|
| 035 |
|
|
|a (uuid)2e491e84-f9e1-4ab8-a259-4eeab34fc015
|
| 035 |
|
|
|a urn:nbn:sk:snk-abcd5r
|
| 040 |
|
|
|a SNKBUCL
|b slo
|c SNKBUCL
|e AACR2
|
| 041 |
0 |
|
|a eng
|
| 044 |
|
|
|a xo
|c SK
|
| 100 |
1 |
|
|a Siemińska, Jadwiga
|4 aut
|9 1137662
|
| 245 |
1 |
0 |
|a Friendship and cooperation as the principle of scientific progress in phycology
|c Jadwiga Siemińska
|
| 773 |
0 |
|
|t Biologia : journal of the Slovak Academy of Sciences
|g Roč. 53, č. 4 (1998), s. 361-363
|
| 954 |
|
|
|a odborná, vedecká literatúra cudzojazyčná (svetová)
|2 lita
|
| 958 |
|
|
|a OND
|
| 958 |
|
|
|a EUIPO
|
| 958 |
|
|
|a article16
|
| 999 |
|
|
|c 1921988
|d 1923918
|